| 000 | 00617nam a2200217Ia 4500 | ||
|---|---|---|---|
| 005 | 20231117110145.0 | ||
| 008 | 131103s9999 xx 000 0 und d | ||
| 020 |
_a8186791556 _cRs 1800 |
||
| 040 | _aLoreto College | ||
| 041 | _aEnglish | ||
| 082 |
_a327 _bCHA |
||
| 245 |
_aWorld peace _b Problems of global understanding and prospect of harmony _cEdited by Santi Nath Chattopadhyay |
||
| 260 |
_aKolkata _bPunthi Pustak _c2005 |
||
| 300 | _axx,949p | ||
| 504 | _aIncludes bibliography | ||
| 650 | _aWorld Peace | ||
| 651 | _aPeace | ||
| 700 | _aChattopadhyay, Santi Nath | ||
| 850 | _aLCLIB | ||
| 942 | _cBK | ||
| 999 |
_c4114 _d54593 |
||